| 000 | 00569nam a2200169Ia 4500 | ||
|---|---|---|---|
| 003 | GCL | ||
| 008 | 140319s9999 xx 000 0 ara d | ||
| 040 |
_aGCL / _cGCL |
||
| 082 | 0 | 4 |
_a415.1 _bم ش |
| 245 | 1 | 0 |
_aشرح شذور الذهب فى معرفة كلام العرب : _bومعه كتاب منتهى الارب، بتحقيق شرح شذور الذهب |
| 260 |
_a[S.N] : _bالمكتبة العصرية للنشر والتوزيع ، _c1988 |
||
| 300 | _a455 ص | ||
| 490 | _a | ||
| 650 | 0 | 4 | _aنحو |
| 650 | 0 | 4 | _aاللغة العربية |
| 942 |
_2ddc _cBK |
||
| 999 |
_c52588 _d52588 |
||